[Event "Swedish Elitserien 2021-22"]
[Site "Sodertalje"]
[Date "2022.05.13"]
[Round "7.25"]
[White "Neiksans, Arturs"]
[Black "Tari, Aryan"]
[Result "1-0"]
[WhiteElo "2579"]
[BlackElo "2654"]
[Annotator "TA"]
[PlyCount "123"]
[EventDate "2022.05.13"]
[EventType "team-tourn"]
[EventCountry "SWE"]
[SourceTitle "playchess.com"]
[Source "ChessBase"]
[SourceQuality "1"]

{[%evp 9,123,0,0,0,6,10,25,-1,14,-31,-14,-39,-15,-10,-15,-15,-10,-4,-6,-16,-2,-31,-33,-32,-32,-53,-55,-43,-17,-26,-42,-41,-5,-25,-7,-6,-13,-13,0,-15,-19,-33,-33,-33,0,-7,-8,-38,-38,-38,-38,-45,0,-45,0,0,0,0,0,0,25,-165,0,0,0,0,0,0,0,0,0,0,0,0,77,34,177,170,378,379,356,331,414,400,375,389,420,408,592,596,819,807,781,767,1711,885,1077,945,916,885,1015,982,910,834,1454,1274,29959,29965,29975,29976,29984,29985,29985,29986,29994,29995]} 1. e4 {[%emt 0:00:02]} c6 {[%emt 0:02:11]} 2. Nf3 {[%emt 0:01:43]} d5 {[%emt 0:00:08]} 3. d3 {[%emt 0:01:22]} dxe4 {[%emt 0:00:11]} 4. dxe4 {[%emt 0:00:05]} Qxd1+ {[%emt 0:00:04]} 5. Kxd1 {[%emt 0:00:05]} Nf6 {[%emt 0:00:04]} 6. Bd3 {[%emt 0:04:36] B10: Caro-Kann: 2 d3 and 2 c4.} g6 {[%emt 0:04:19]} 7. h3 {[%emt 0:03:23]} Bg7 {[%emt 0:01:59]} 8. Nc3 {[%emt 0:06:25] [#] White has an edge.} O-O $146 {[%emt 0:05:20]} ({Predecessor:} 8... Nbd7 9. Be3 Nb6 10. Ke2 Be6 11. Ng5 Bc4 12. b3 Bxd3+ 13. cxd3 h6 14. Nf3 O-O {½-½ (50) Used Vivas,A-Parreno Cueto,A (1830) Valencia 2009}) 9. Bf4 {[%emt 0:05:56]} Nbd7 {[%emt 0:04:55]} 10. e5 {[%emt 0:05:05]} Nd5 {[%emt 0:04:06]} (10... Nh5 $5 {[%cal Rh5f4]} 11. Bh2 Bh6 $15) 11. Nxd5 {[%emt 0:01:13]} cxd5 {[%emt 0:00:02]} 12. Re1 {[%emt 0:03:43]} Nc5 {[%emt 0:04:03]} 13. Nd4 {[%emt 0:06:04]} Bd7 {[%emt 0:02:59]} 14. Kd2 {[%emt 0:10:19]} Rfc8 {[%emt 0:02:42]} 15. Rad1 {[%emt 0:08:06]} b5 {[%emt 0:08:55]} 16. c3 {[%emt 0:17:57]} a5 {[%emt 0:05:25]} 17. Rc1 {[%emt 0:01:28]} ({Not} 17. Bxb5 $2 Bxb5 18. Nxb5 Rab8 $19) 17... e6 {[%emt 0:04:56]} 18. a3 {[%emt 0:02:48]} Bf8 {[%emt 0:02:33]} 19. b4 {[%emt 0:02:56]} Nxd3 {[%emt 0:22:29]} 20. Kxd3 {[%emt 0:00:05]} Rc4 {[%emt 0:00:40][%cal Ra5b4]} 21. Be3 {[%emt 0:03:40]} axb4 {[%emt 0:02:49]} 22. axb4 {[%emt 0:00:07]} Ra3 {[%emt 0:00:04]} 23. Kd2 {[%emt 0:00:55]} Be7 {[%emt 0:02:30]} 24. f4 {[%emt 0:01:22]} f6 {[%emt 0:04:28]} 25. Rc2 {[%emt 0:03:11]} fxe5 {[%emt 0:03:14]} 26. fxe5 {[%emt 0:00:04]} g5 {[%emt 0:00:47]} 27. Rf1 {[%emt 0:03:25]} h6 {[%emt 0:00:21]} 28. Rfc1 {[%emt 0:01:40]} (28. g3 {is more complex.} Bd8 29. h4 Bc7 30. hxg5 hxg5 31. Bxg5 Bxe5 32. Bf6) 28... Bf8 {[%emt 0:01:41]} 29. Bg1 {[%emt 0:00:18]} Bg7 {[%emt 0:02:09]} 30. Bh2 {[%emt 0:01:01]} Bf8 {[%emt 0:01:24][%cal Of8b4]} 31. Bg1 {[%emt 0:00:06]} Ra6 {[%emt 0:01:10]} 32. Nb3 {[%emt 0:01:28]} Be8 {[%emt 0:02:29]} 33. Bc5 {[%emt 0:00:47]} Bg6 {[%emt 0:01:47]} 34. Rb2 {[%emt 0:00:08]} Bg7 {[%emt 0:00:25]} 35. Bd6 {[%emt 0:00:44] [#]} (35. Bd4 $11 {and White has nothing to worry.}) 35... Rf4 $2 {[%emt 0:00:31]} (35... h5 $1 $19 {aiming for ...g4.} 36. Nc5 Ra3 37. Nxe6 Bh6) 36. Re1 $1 $11 {[%emt 0:01:21]} Rf2+ {[%emt 0:01:41]} 37. Re2 $1 {[%emt 0:00:07]} Rf1 {[%emt 0:00:11]} 38. Nd4 {[%emt 0:02:45][%csl LRb5,LRe6]} Raa1 {[%emt 0:00:06]} 39. Ke3 {[%emt 0:00:10]} Rad1 {[%emt 0:03:21][%csl Gg6][%cal Rd1d3] [#]} 40. Rbd2 {[%emt 0:02:53] Inhibits Rd3+.} Rc1 {[%emt 0:00:13]} 41. Nxb5 {[%emt 0:02:37]} Be8 {[%emt 0:05:56]} (41... Rf4 $11) 42. Nc7 $16 {[%emt 0:07:57][%csl LRe6,LRe8]} Ba4 {[%emt 0:09:00] Black is on the road to losing.} (42... Bh5 $1 $14 43. Nxe6 Bxe2 44. Rxe2 Rfd1) 43. Nxe6 $18 {[%emt 0:11:06] And now Kd4 would win.} Bb5 $2 {[%emt 0:03:51]} (43... Rxc3+ 44. Kd4 Rcc1) 44. Rf2 {[%emt 0:01:29]} Rxc3+ {[%emt 0:00:37]} 45. Kd4 {[%emt 0:00:07] Chess con chili.} Rfc1 {[%emt 0:00:41] ( -> ...Rc4+)} 46. Nxg7 {[%emt 0:01:20]} Kxg7 {[%emt 0:01:01]} 47. Bc5 {[%emt 0:02:19]} Bc6 {[%emt 0:06:16] Threatens to win with ...Rc4+.} 48. e6 {[%emt 0:00:14][%cal Be5e6,Be6e7][%mdl 32]} Ra3 {[%emt 0:02:33]} (48... Rc4+ {was called for.} 49. Ke5 Re4+ 50. Kd6 Be8 51. Kxd5 Rce1 52. Bd4+ Kg8) 49. Ke5 {[%emt 0:00:46]} Re1+ {[%emt 0:00:31]} 50. Rde2 {[%emt 0:00:53]} Rxe2+ {[%emt 0:01:24]} 51. Rxe2 {[%emt 0:00:05][%cal Ob4b5][%mdl 4096] Endgame b5! is the strong threat. KRB-KRB} Kg6 {[%emt 0:03:04]} 52. Rf2 {[%emt 0:00:21]} Ra1 {[%emt 0:00:17]} 53. e7 {[%emt 0:02:23] White threatens Rf6+ and mate.} Re1+ {[%emt 0:00:47]} 54. Kd6 {[%emt 0:00:05]} Bb5 {[%emt 0:01:30]} 55. Kxd5 {[%emt 0:00:23]} h5 {[%emt 0:00:20]} 56. Bd6 {[%emt 0:00:42]} g4 {[%emt 0:00:44]} 57. hxg4 {[%emt 0:00:05]} hxg4 {[%emt 0:00:05]} 58. g3 {[%emt 0:00:07] White mates.} Be8 {[%emt 0:00:11]} 59. Rf8 {[%emt 0:03:15]} Rd1+ {[%emt 0:00:45]} 60. Ke6 {[%emt 0:00:24]} Re1+ {[%emt 0:00:56]} 61. Be5 {[%emt 0:00:13]} Rd1 {[%emt 0:00:26]} 62. Rxe8 {[%emt 0:00:14] Weighted Error Value: White=0.13 (very precise) /Black=0.38} 1-0

[Event "Swedish Elitserien 2021-22"]
[Site "Sodertalje"]
[Date "2022.05.13"]
[Round "7.26"]
[White "Thybo, Jesper Sondergaard"]
[Black "Blomqvist, Erik"]
[Result "1/2-1/2"]
[WhiteElo "2544"]
[BlackElo "2523"]
[Annotator "TA"]
[PlyCount "124"]
[EventDate "2022.05.13"]
[EventType "team-tourn"]
[EventCountry "SWE"]
[SourceTitle "playchess.com"]
[Source "ChessBase"]
[SourceQuality "1"]

{[%evp 10,124,22,17,16,15,12,22,27,28,17,22,20,19,19,17,15,0,0,-22,0,0,0,0,-12,-7,0,0,0,-11,-8,-20,-15,-54,-20,-21,0,-18,0,-100,-112,-101,0,-43,0,-97,-104,-137,-118,-306,-297,-253,-260,-352,-348,-325,-169,-178,-18,-82,-85,-83,-75,-169,-161,-163,-132,-207,-165,-185,-116,-181,-80,-102,0,-140,-107,-129,-59,-50,-37,-36,-51,-64,-35,-75,-75,-73,0,0,0,0,8,8,8,8,20,8,8,8,8,0,0,0,0,0,0,0,0,0,0,0,0,0,0,-34,-27]} 1. e4 {[%emt 0:00:07]} c5 {[%emt 0:00:29]} 2. Nf3 {[%emt 0:00:23]} d6 {[%emt 0:00:17]} 3. Bb5+ {[%emt 0:00:33]} Bd7 {[%emt 0:00:17]} 4. c4 {[%emt 0:00:32]} Nc6 {[%emt 0:01:13]} 5. d4 {[%emt 0:03:50]} cxd4 {[%emt 0:00:52]} 6. Nxd4 {[%emt 0:00:11]} g6 {[%emt 0:01:28] B54: Sicilian: 2...d6 3 d4 cxd4 4 Nxd4, Unusual Lines .} 7. Nc3 {[%emt 0:02:00][%cal Oc4c5]} Bg7 {[%emt 0:02:01]} 8. Be3 {[%emt 0:02:21]} Nf6 {[%emt 0:00:17] The position is equal.} 9. h3 {[%emt 0:00:52] Against Ng4} O-O {[%emt 0:01:02]} 10. O-O {[%emt 0:02:52]} Nxd4 {[%emt 0:01:24]} 11. Bxd7 {[%emt 0:03:54] [#]} Nc6 $146 {[%emt 0:02:46]} ({Predecessor:} 11... Nf3+ 12. Qxf3 Nxd7 13. Bd2 a6 14. Rab1 b5 15. Qe2 bxc4 16. Qxc4 Qc8 17. Qe2 Qb7 {1-0 (40) Idani,P (2499)-Sebenik,M (2537) Tromsoe 2014}) 12. Bxc6 {[%emt 0:06:20]} bxc6 {[%emt 0:00:07]} 13. c5 {[%emt 0:05:23]} d5 {[%emt 0:03:34]} 14. e5 {[%emt 0:05:25]} Nd7 {[%emt 0:07:11]} 15. f4 {[%emt 0:00:27]} e6 {[%emt 0:07:18]} 16. b4 {[%emt 0:17:39]} f6 {[%emt 0:05:51]} 17. exf6 {[%emt 0:01:01]} Qxf6 {[%emt 0:02:38]} 18. Rc1 {[%emt 0:00:08]} e5 {[%emt 0:19:26]} 19. Ne2 {[%emt 0:15:08][%cal Ob4b5]} exf4 {[%emt 0:10:44]} 20. Rxf4 {[%emt 0:04:10]} Qe7 {[%emt 0:02:29]} 21. Bf2 {[%emt 0:07:43]} Rxf4 {[%emt 0:11:31]} (21... Nf6 $5 {[%cal Rg7h6]} 22. Rc2 Ne4 $15) 22. Nxf4 {[%emt 0:00:07]} Rf8 {[%emt 0:04:10]} 23. Nd3 {[%emt 0:01:26][%cal Ob4b5]} Nf6 {[%emt 0:00:57]} 24. Bh4 {[%emt 0:06:48]} (24. b5 $11) 24... Qe3+ $1 $17 {[%emt 0:00:26]} 25. Bf2 {[%emt 0:00:08]} Qe7 {[%emt 0:05:08]} ({Black should try} 25... Qg5 $1 $17 26. b5 Ne4) 26. Bh4 $15 {[%emt 0:00:14]} Qe3+ {[%emt 0:00:47]} (26... Qe6 $15) 27. Bf2 $17 {[%emt 0:00:15]} Qg5 $36 {[%emt 0:01:44][%mdl 2048] Black is in control.} 28. h4 {[%emt 0:08:17]} Qf5 {[%emt 0:01:29]} 29. Ne1 $2 {[%emt 0:00:26]} (29. Qf3 $17) 29... Ng4 {[%emt 0:02:30]} 30. Nf3 {[%emt 0:00:16]} Qf4 {[%emt 0:01:23]} 31. Be1 {[%emt 0:05:02]} Be5 {[%emt 0:03:30][%cal Of4h2] ( -> ...Qh2+!)} 32. Kh1 {[%emt 0:01:25] Inhibits Qh2+.} Bc7 {[%emt 0:00:51]} (32... Qe4 $142 {Hoping for ...d4.} 33. a4 Bb2) 33. Qd2 {[%emt 0:00:24]} Ne3 $2 {[%emt 0:00:42]} (33... Qe4 $1 $19 34. Qc2 Rf7) 34. Bf2 {[%emt 0:00:48] [#]} (34. Rc3 $11 {remains equal.} Re8 35. Bf2) 34... Nxg2 $1 {[%emt 0:00:29]} 35. Qxf4 {[%emt 0:00:19]} Nxf4 {[%emt 0:00:05]} (35... Bxf4 $6 36. Rc3 Bd2 37. Rb3 $11) 36. Rf1 {[%emt 0:00:41]} (36. Rb1 $17) 36... Nd3 $19 {[%emt 0:00:21][%csl LRb4,LRf3]} 37. Kg2 {[%emt 0:00:07]} Nxb4 {[%emt 0:01:02]} 38. Rb1 (38. Re1 $17) 38... Nd3 {[%emt 0:00:54]} ({Weaker is} 38... Nxa2 39. Ra1 Nb4 40. Rxa7) 39. Rb7 {[%emt 0:00:33]} Nf4+ {[%emt 0:00:08]} (39... Rf7 $19 40. Rxa7 Bd8) 40. Kg1 {[%emt 0:00:58]} (40. Kh1 $17) 40... Nh3+ {[%emt 0:00:37]} (40... Rf7 $19 41. Rxa7 Nh3+ 42. Kg2 Nxf2 43. Ra8+ Rf8 44. Rxf8+ Kxf8 45. Kxf2 Ke8) 41. Kg2 $17 {[%emt 0:02:16]} Nf4+ {[%emt 0:00:07]} (41... Nxf2 $17 42. Rxc7 Nd3) 42. Kf1 {[%emt 0:02:48]} (42. Kg1 $1 $11 {was the only way to keep the balance.}) 42... Ne6 {[%emt 0:04:49]} 43. Kg2 {[%emt 0:04:05]} Rb8 {[%emt 0:12:30]} (43... Bb8 $17 44. Re7 Nf4+ 45. Kg1 Nd3) 44. Rxa7 $15 {[%emt 0:01:07]} Rb2 {[%emt 0:00:08]} 45. Kf1 $1 {[%emt 0:07:22]} Rb1+ {[%emt 0:01:24]} 46. Ke2 {[%emt 0:01:38]} Bb8 {[%emt 0:03:17]} 47. Ra6 {[%emt 0:01:10] [#] Rb6 is the strong threat.} Nf4+ $1 {[%emt 0:03:29]} 48. Ke3 {[%emt 0:00:21] [#] Strongly threatening Rb6.} Rb4 {[%emt 0:08:01]} (48... Rb2 $1 $17 {[%cal Rb2e2]} 49. Nd4 Nh3) 49. Nd4 $11 {[%emt 0:03:31]} ({Don't blunder} 49. Rxc6 $2 Re4+ 50. Kd2 Re2+ 51. Kd1 Rxf2 $19) 49... Ng2+ {[%emt 0:00:34]} 50. Ke2 {[%emt 0:01:31]} Nf4+ {[%emt 0:00:20]} 51. Kf3 {[%emt 0:02:42]} Nd3 {[%emt 0:00:42]} 52. Nxc6 {[%emt 0:00:28]} Rf4+ {[%emt 0:00:39]} 53. Ke3 {[%emt 0:00:13]} Nxc5 {[%emt 0:00:38]} 54. Ra8 {[%emt 0:03:26]} d4+ $1 {[%emt 0:00:07]} 55. Ke2 {[%emt 0:00:42]} d3+ {[%emt 0:00:24]} 56. Ke3 {[%emt 0:00:46]} Re4+ {[%emt 0:01:16]} 57. Kf3 {[%emt 0:02:22]} Rf4+ {[%emt 0:00:02]} 58. Ke3 {[%emt 0:02:14]} Re4+ {[%emt 0:00:05]} 59. Kf3 {[%emt 0:00:10]} Rf4+ {[%emt 0:00:03]} 60. Ke3 {[%emt 0:00:50]} Re4+ {[%emt 0:00:05]} 61. Kf3 {[%emt 0:00:33]} Rf4+ 62. Kg2 {[#]} Rf8 $1 {Weighted Error Value: White=0.29 (precise) /Black=0.22 (precise)} 1/2-1/2

[Event "Swedish Elitserien 2021-22"]
[Site "Sodertalje"]
[Date "2022.05.13"]
[Round "7.27"]
[White "Hammer, Jon Ludvig"]
[Black "Tikkanen, Hans"]
[Result "1-0"]
[WhiteElo "2627"]
[BlackElo "2492"]
[Annotator "TA"]
[PlyCount "55"]
[EventDate "2022.05.13"]
[EventType "team-tourn"]
[EventCountry "SWE"]
[SourceTitle "playchess.com"]
[Source "ChessBase"]
[SourceQuality "1"]

{[%evp 9,55,14,9,11,12,9,6,7,9,11,16,7,1,-7,-8,-20,0,-18,0,-13,-12,-35,-18,-31,-33,-38,-23,-23,0,0,0,-23,26,16,240,240,320,307,307,319,300,320,325,280,499,440,572,569]} 1. e4 {[%emt 0:00:05] ChessBase II} c6 {[%emt 0:00:02]} 2. Nf3 {[%emt 0:00:53]} d5 {[%emt 0:00:09]} 3. d3 {[%emt 0:00:06]} g6 {[%emt 0:09:22]} 4. exd5 {[%emt 0:04:56]} cxd5 {[%emt 0:03:23]} 5. d4 {[%emt 0:00:09]} Nc6 {[%emt 0:03:23]} 6. c3 {[%emt 0:00:40] B10: Caro-Kann: 2 d3 and 2 c4.} Nf6 {[%emt 0:06:24] [#]} 7. Bd3 $146 {[%emt 0:10:54]} ({Predecessor:} 7. h3 Qc7 8. g3 Bg7 9. Bf4 Qb6 10. Qb3 Nd7 11. Na3 O-O 12. Nb5 e5 13. Be3 exd4 14. Nbxd4 {½-½ (62) Rambaldi,F (2558)-Le Roux,J (2539) Brest 2019 CBM 190 Extra [ChessBase II]}) 7... Bf5 {[%emt 0:05:34]} 8. Bxf5 {[%emt 0:10:21] The position is equal.} gxf5 {[%emt 0:00:02]} 9. Bf4 {[%emt 0:00:53]} e6 {[%emt 0:15:21]} 10. Bg5 {[%emt 0:06:23]} Be7 {[%emt 0:17:51]} 11. Bxf6 {[%emt 0:00:09]} Bxf6 {[%emt 0:00:04]} 12. a4 {[%emt 0:00:55]} Qc7 {[%emt 0:07:55]} 13. O-O {[%emt 0:00:33]} Qf4 {[%emt 0:06:25]} 14. a5 {[%emt 0:06:19]} a6 {[%emt 0:06:15]} 15. b4 {[%emt 0:03:59]} Rc8 {[%emt 0:06:31]} 16. Na3 {[%emt 0:01:07][%cal Bb1a3,Ba3c2,Bc2e1,Be1d3][%mdl 32]} Rg8 {[%emt 0:04:50]} 17. Kh1 {[%emt 0:13:33]} h5 {[%emt 0:01:17]} 18. Rc1 {[%emt 0:02:19]} Be7 {[%emt 0:00:44]} 19. Nc2 {[%emt 0:02:27]} h4 {[%emt 0:00:16]} 20. h3 {[%emt 0:06:52]} Bd6 {[%emt 0:00:12]} (20... Rc7 $142) 21. Nce1 $11 {[%emt 0:00:22]} Nxb4 $2 {[%emt 0:03:41] Black cannot hold the game after this.} 22. Rb1 $18 {[%emt 0:00:02][%cal Bc1b1,Bb1b7,Bb7b6,Bb6c6][%mdl 32]} Nc6 {[%emt 0:00:38]} 23. Nd3 {[%emt 0:03:58]} Qh6 24. Rxb7 {[%emt 0:00:14] [#] Hoping for Qa4.} f4 {[%emt 0:00:01]} 25. Rg1 {[%emt 0:02:31] aiming for Qa4.} Qh7 {[%emt 0:00:11]} 26. Rb6 {[%emt 0:04:06]} Kd7 $2 {[%emt 0:00:19]} (26... Ke7 {was worth a try.} 27. Rxa6 Rc7) 27. Qb1 {[%emt 0:01:12]} Ke7 {[%emt 0:00:58] [#]} 28. Rxc6 $1 {[%emt 0:02:52][%mdl 512] Weighted Error Value: White=0.08 (flawless) /Black=0.43} 1-0

[Event "Swedish Elitserien 2021-22"]
[Site "Sodertalje"]
[Date "2022.05.13"]
[Round "7.28"]
[White "Smith, Axel"]
[Black "Barkhagen, Jonas"]
[Result "1-0"]
[WhiteElo "2421"]
[BlackElo "2433"]
[Annotator "TA"]
[PlyCount "117"]
[EventDate "2022.05.13"]
[EventType "team-tourn"]
[EventCountry "SWE"]
[SourceTitle "playchess.com"]
[Source "ChessBase"]
[SourceQuality "1"]

{[%evp 9,117,0,0,0,20,-1,15,30,22,26,20,23,21,20,18,-29,-37,-69,-73,-80,-79,-66,-57,-131,-143,-135,-4,-15,0,0,-11,-51,-52,-48,-46,-67,-50,-47,0,2,0,0,0,-26,8,0,8,8,42,42,47,50,49,50,58,59,58,0,-1,-29,-30,-198,197,192,203,61,141,141,141,141,141,0,0,0,1379,1088,933,267,2059,1930,12845,12845,12845,29937,29940,29937,29944,29942,29963,29964,29965,29966,29966,29961,29962,29958,12845,29946,7075,190,508,189,29964,29963,29962,29963,29974,29975,29974,29973]} 1. e4 {[%emt 0:46:52]} c5 {[%emt 0:01:18]} 2. Nc3 {[%emt 0:00:06]} Nc6 {[%emt 0:01:00]} 3. Bb5 {[%emt 0:00:03]} g6 {[%emt 0:00:28]} 4. Bxc6 {[%emt 0:00:20]} bxc6 {[%emt 0:00:31]} 5. f4 {[%emt 0:02:10]} c4 {[%emt 0:13:25]} 6. b3 {[%emt 0:08:21] [#] B23: Closed Sicilian: Lines without g3.} Ba6 $146 {[%emt 0:05:08]} ({Predecessor:} 6... Bg7 7. Nge2 d5 8. e5 d4 9. Ne4 d3 10. N2c3 Nh6 11. Ba3 Bg4 12. Qc1 Bf5 13. bxc4 {0-1 (43) Smolen,J (2443)-Markos,J (2592) Banska Stiavnica 2015}) 7. bxc4 {[%emt 0:01:02]} Bxc4 {[%emt 0:00:07]} 8. d3 {[%emt 0:00:46] The position is equal.} Bg7 {[%emt 0:00:54]} 9. Bd2 {[%emt 0:05:11]} Be6 {[%emt 0:06:42]} 10. Nf3 {[%emt 0:02:18]} d6 {[%emt 0:02:43]} 11. O-O {[%emt 0:06:19]} Nf6 {[%emt 0:03:57]} 12. e5 {[%emt 0:16:34]} (12. h3 $142) 12... dxe5 $11 {[%emt 0:12:12]} 13. fxe5 {[%emt 0:12:37]} Ng4 {[%emt 0:10:21]} 14. d4 {[%emt 0:00:31]} c5 $1 {[%emt 0:03:37]} 15. Bf4 {[%emt 0:21:13]} cxd4 {[%emt 0:16:27]} 16. Nxd4 {[%emt 0:00:15]} (16. Qxd4 $15 O-O 17. Qxd8 Rfxd8 18. h3) 16... Bc4 $17 {[%emt 0:00:41] This bishop pair is nice.} ({Much worse is} 16... Bxe5 $6 17. Bxe5 Nxe5 18. Nxe6 fxe6 19. Qxd8+ Rxd8 20. Rae1 $11) 17. Re1 {[%emt 0:01:44] [#]} Qd7 {[%emt 0:03:31]} (17... f6 $1 $17 {[%cal Rf6e5]} 18. exf6 (18. Re4 O-O) 18... Bxf6) 18. Nb3 {[%emt 0:09:17]} Qxd1 {[%emt 0:09:48]} 19. Raxd1 g5 {[%emt 0:00:10]} 20. Bg3 {[%emt 0:01:55]} h5 $1 {[%emt 0:00:09][%cal Bh7h5,Bh5h4][%mdl 32]} 21. h3 {[%emt 0:07:47]} h4 {[%emt 0:00:05]} 22. hxg4 {[%emt 0:00:40] Hoping for Bf2.} hxg3 {[%emt 0:00:06]} 23. Nd4 {[%emt 0:00:32]} O-O-O {[%emt 0:05:05]} (23... e6 $15 {should be considered.}) 24. Nf5 $11 {[%emt 0:00:55][%csl LRe7,LRg3,LRg7]} Rxd1 {[%emt 0:00:06]} 25. Nxd1 {[%emt 0:00:08]} Bf8 {[%emt 0:00:03]} 26. Nxg3 {[%emt 0:02:09]} e6 {[%emt 0:00:25]} 27. Ne4 {[%emt 0:00:21]} Bxa2 {[%emt 0:01:23]} 28. Ne3 {[%emt 0:00:30]} Kb8 {[%emt 0:02:26]} 29. c4 {[%emt 0:00:47]} Ka8 $1 {[%emt 0:00:38]} 30. Ra1 {[%emt 0:00:33]} Bb3 {[%emt 0:00:05]} 31. Kf2 {[%emt 0:00:32] Black must now prevent Nd2.} Be7 {[%emt 0:01:08]} 32. Nd6 {[%emt 0:00:22]} Rb8 $1 {[%emt 0:01:00]} 33. c5 {[%emt 0:00:28]} (33. Kf3 $1 $14) 33... f6 {[%emt 0:00:34]} 34. c6 {[%emt 0:00:31] Threatens to win with c7.} fxe5 {[%emt 0:00:02]} 35. c7 $2 {[%emt 0:00:28]} (35. Nec4 $11) 35... Bxd6 $4 {[%emt 0:00:07][%mdl 8192]} (35... Rf8+ $19 36. Nef5 Bxd6 37. c8=Q+ Rxc8 38. Nxd6 Rf8+ 39. Kg3 Bd5) 36. cxb8=R+ $18 {[%emt 0:00:02]} Bxb8 $19 {[%emt 0:00:10][%mdl 4096] Endgame KRN-KB} 37. Kf3 {[%emt 0:01:08]} (37. Ra3 $18 Bd5 38. Nxd5 exd5 39. Ra5) 37... Bc7 {[%emt 0:00:29]} (37... Bd6 $14) 38. Ra3 $16 {[%emt 0:00:36]} Bd5+ {[%emt 0:00:14]} 39. Nxd5 {[%emt 0:00:23]} exd5 {[%emt 0:00:05] KR-KB} 40. Rc3 {[%emt 0:00:35]} (40. Rb3 $16) 40... Kb7 $1 $11 {[%emt 0:02:04] ...Bd6 is the strong threat.} 41. Rc5 {[%emt 0:00:34]} e4+ $2 {[%emt 0:00:31][%mdl 8192] White stays focused until the end.} (41... d4 $11) 42. Ke2 $18 {[%emt 0:01:00]} d4 {[%emt 0:00:33]} 43. Rd5 $2 {[%emt 0:06:49]} (43. Rxg5 d3+ 44. Ke3) 43... Kc6 {[%emt 0:27:08]} (43... d3+ 44. Ke3 Bf4+ 45. Kxe4 d2) 44. Rxd4 {[%emt 0:00:23]} a5 {[%emt 0:00:04]} 45. Rc4+ {[%emt 0:03:12]} Kb6 {[%emt 0:00:38]} 46. Rxe4 {[%emt 0:04:59]} Kb5 {[%emt 0:00:06]} 47. Kd3 {[%emt 0:01:44]} a4 {[%emt 0:00:48]} 48. Re7 {[%emt 0:07:57]} Bd6 {[%emt 0:03:12]} 49. Rg7 {[%emt 0:01:49]} Bf4 {[%emt 0:01:20]} 50. g3 {[%emt 0:01:08]} Bc1 {[%emt 0:00:35]} 51. Rc7 {[%emt 0:02:49]} Ba3 {[%emt 0:00:08]} 52. Rb7+ {[%emt 0:00:22]} Kc6 {[%emt 0:01:11]} 53. Rg7 {[%emt 0:01:18]} Bc1 {[%emt 0:00:10]} 54. Kc4 $2 {[%emt 0:01:17]} (54. Rg8 {White threatens Rc8+ and mate.} Kd5 55. Ra8) 54... Kd6 $2 {[%emt 0:00:24]} (54... a3 {is more resistant.} 55. Rg6+ Kd7) 55. Ra7 $2 {[%emt 0:01:01]} (55. Rf7) 55... Ke5 $2 {[%emt 0:00:38]} (55... a3 $18 56. Ra5 Ke6) 56. Rxa4 {White mates.} Ke4 {[%emt 0:01:26]} 57. Kc5+ {[%emt 0:00:22]} Kf3 {[%emt 0:00:23]} 58. Kd5 {[%emt 0:00:20]} Kxg3 {[%emt 0:00:31]} 59. Ke5 {[%emt 0:00:32] Weighted Error Value: White=0.55/Black=0.40} 1-0